000 00369 a2200157 4500
001 74350
020 _a8598553166
040 _cAnchieta - Colégio São Paulo
100 _aCedraz, Antônio Luiz Ramos
240 1 0 _aUm time do outro mundo
_lpor
245 1 0 _aUm time do outro mundo
300 _a27
362 0 _a2006
650 4 _aLiteratura infantil
942 _cBK
999 _c74350
_d74350